01162nam a2200241 a 4500001001000000005001700010008004100027041000800068044000700076084002100083100003800104245009600142260003100238300002500269500004500294500024900339500004700588506009300635546005300728600004800781651005900829700003200888BRCA_483920190320204827.0201010s1813----mx-#######---#000-0#spa-# aspa amx aDOC1b.I88c18131 aIturbide, Agustín ded1783-182410aDocumento firmado por Don Agustín de Iturbide.cAgustín de Iturbide ; Pérez Gálvez. aSilao, Gto. Méxicoc1813 a[1] fojac21 x 5 cm. aDocumento firmado el 1 de junio de 1813. aDocumento firmado por Don Agustín de Iturbide en Silao (Guanajuato), dirigido al Coronel Conde de Pérez Gálvez, en el que por orden del Virrey se dan disposiciones sobre el manejo de las proas y como deben mandarse las remesas de cargas. aEl documento contiene la leyenda DOC. #10.0 aFondo Reservado. Para su consulta es necesario credencial de usuario y carta de motivos. aTexto en: español de principios del siglo XIX.14aIturbide, Agustín ded1783-1824xHistoria 4aMéxicoxHistoriayGuerra de Independencia, 1810-18211 aGálvez, PérezcConde de